000 01036nam0a2200301 4500
001 RU\NLR\bibl\883722
005 20260405070937.0
021 _aRU
_b2005-72730
_93579
035 _a(NLR Aleph) 000872275
090 _a1606970
_c1606970
100 _a20051205d2005 |||y0rusy50 ca
101 1 _arus
_ceng
102 _aRU
105 _ay |||||||||
200 1 _aДарите друг другу любовь
_fДжош Макдауэлл, Пол Льюис
_g[пер. с англ. В. Комиссарова]
210 _aСанкт-Петербург
_cБиблия для всех
_d2005
215 _a90, [5] с.
_d20
606 1 _aЕвангелизация
_92082319
_3RU\NLR\auth\661258340
686 _aЭ376,0
700 1 _4070
_7ca
_8rus
_aМакдауэлл
_bД.
_f1939-
_gДжош
_9497
_3RU\NLR\AUTH\7717410
701 1 _aЛьюис
_bП.
_gПол
_4070
801 0 _aRU
_bNLR
_c20051205
_grcr
801 1 _aRU
_bNLR
_c20051205
942 _cBOOK
980 _aNB